MARC details
| 000 -LEADER |
| fixed length control field |
03163cam a22003738i 4500 |
| 001 - CONTROL NUMBER |
| control field |
22337817 |
| 003 - CONTROL NUMBER IDENTIFIER |
| control field |
CSPC |
| 005 - DATE AND TIME OF LATEST TRANSACTION |
| control field |
20250715090010.0 |
| 008 - FIXED-LENGTH DATA ELEMENTS--GENERAL INFORMATION |
| fixed length control field |
211208s2022 nyu b 001 0 eng |
| 010 ## - LIBRARY OF CONGRESS CONTROL NUMBER |
| LC control number |
2021057253 |
| 020 ## - INTERNATIONAL STANDARD BOOK NUMBER |
| International Standard Book Number |
9781032057514 |
| Qualifying information |
(paperback) |
| 035 ## - SYSTEM CONTROL NUMBER |
| System control number |
22337817 |
| 040 ## - CATALOGING SOURCE |
| Original cataloging agency |
DLC |
| Language of cataloging |
eng |
| Description conventions |
rda |
| Transcribing agency |
DLC |
| Modifying agency |
CSPC |
| 042 ## - AUTHENTICATION CODE |
| Authentication code |
pcc |
| 050 00 - LIBRARY OF CONGRESS CALL NUMBER |
| Classification number |
HD58.87 |
| Item number |
.M364 2022 |
| 082 00 - DEWEY DECIMAL CLASSIFICATION NUMBER |
| Classification number |
658.4063 |
| Item number |
M294q |
| Edition number |
23/eng/20211208 |
| 100 1# - MAIN ENTRY--PERSONAL NAME |
| Personal name |
Maleyeff, John, |
| Dates associated with a name |
1955- |
| Relator term |
author. |
| 245 10 - TITLE STATEMENT |
| Title |
Quality service management : |
| Remainder of title |
a guide to improving business processes / |
| Statement of responsibility, etc. |
John Maleyeff. |
| 263 ## - PROJECTED PUBLICATION DATE |
| Projected publication date |
2206 |
| 264 #1 - PRODUCTION, PUBLICATION, DISTRIBUTION, MANUFACTURE, AND COPYRIGHT NOTICE |
| Place of production, publication, distribution, manufacture |
New York, NY : |
| Name of producer, publisher, distributor, manufacturer |
Routledge, |
| Date of production, publication, distribution, manufacture, or copyright notice |
2022. |
| 300 ## - PHYSICAL DESCRIPTION |
| Extent |
xxi, 202 pages ; |
| Dimensions |
23 cm. |
| 336 ## - CONTENT TYPE |
| Content type term |
text |
| Content type code |
txt |
| Source |
rdacontent |
| 337 ## - MEDIA TYPE |
| Media type term |
unmediated |
| Media type code |
n |
| Source |
rdamedia |
| 338 ## - CARRIER TYPE |
| Carrier type term |
volume |
| Carrier type code |
nc |
| Source |
rdacarrier |
| 504 ## - BIBLIOGRAPHY, ETC. NOTE |
| Bibliography, etc. note |
Includes bibliographical references and index. |
| 505 0# - FORMATTED CONTENTS NOTE |
| Formatted contents note |
Introduction to service quality management -- Process thinking in service quality management -- Service customer needs analysis -- Service quality performance metric development -- Customer satisfaction survey development -- Basic tools for service quality analysis -- Statistical tools for service quality analysis -- Theoretical foundations for statistical quality analysis -- Service process stability analysis -- Service process capability analysis -- Service reliability and intervention analysis -- Quality improvement foundations -- Quality improvement project management -- Quality system creation and deployment -- Quality improvement with remote collaboration. |
| 520 ## - SUMMARY, ETC. |
| Summary, etc. |
"Providing clear guidance for anyone servicing internal or external customers, this book offers a framework for analyzing and managing quality using a comprehensive closed-loop approach. This book cuts through the complexities of the mantra 'better, cheaper, faster' (BCF) and offers procedures for the evaluation of customer needs, the determination of performance metrics, and the design of effective customer satisfaction surveys. It details basic statistical techniques and packages the framework, procedures, and methods into a management construct that includes external quality certification systems and internal performance management systems. Importantly, the book also describes how these systems can be implemented in a virtual workplace. This quality management book will be essential to service-oriented firms (financial, government, healthcare, hospitality, etc.), as well as any firm with internal customer service processes such as human resource management, purchasing, and accounting. Professionals at all levels, corporate trainers, and students will welcome this book's common set of principles and tools, accompanied by many case studies that illustrate how they are applied in various environments"-- |
| Assigning source |
Provided by publisher. |
| 650 #0 - SUBJECT ADDED ENTRY--TOPICAL TERM |
| Topical term or geographic name entry element |
Reengineering (Management). |
| 650 #0 - SUBJECT ADDED ENTRY--TOPICAL TERM |
| Topical term or geographic name entry element |
Management |
| General subdivision |
Evaluation. |
| 906 ## - LOCAL DATA ELEMENT F, LDF (RLIN) |
| a |
7 |
| b |
cbc |
| c |
orignew |
| d |
1 |
| e |
ecip |
| f |
20 |
| g |
y-gencatlg |
| 942 ## - ADDED ENTRY ELEMENTS (KOHA) |
| Source of classification or shelving scheme |
Dewey Decimal Classification |
| Koha item type |
Books |
| Edition |
23 |
| Classification part |
658.4063 |
| Item part |
M294q |
| Call number prefix |
CIR |
| Call number suffix |
2022 |
| Suppress in OPAC |
No |